Countries with Turkeys - Statistics

General Stats
  • This quiz has been taken 39 times
  • The average score is 4 of 5
Answer Stats
Answer % Correct
United States
100%
Canada
97%
Mexico
97%
Belize
72%
Guatemala
72%
No matching quizzes found
Score Distribution
Percent of People with Each Score
Percentile by Number Answered
Your Score History
You have not taken this quiz